000
00329pab a2200145 454500
008
180718b1998 xxu||||| |||| 00| 0 eng d
100
_a
Abraham, Itty
245
_a
Nuclear power and human security
260
_c
1998
300
_a
p.20-24
362
_a
Aug
650
_a
Nuclear weapons
773
_a
Seminar
909
_a
38241
999
_c
38241
_d
38241